| 000 | 00747nam a2200217Ia 4500 | ||
|---|---|---|---|
| 003 | GCL | ||
| 005 | 20240530095451.0 | ||
| 008 | 140319s9999 xx 000 0 ara d | ||
| 020 | _a4205239977 | ||
| 040 |
_aGCL / _cGCL |
||
| 082 | 0 | 4 |
_a810.9962 _bق/ج ب |
| 100 | 1 | _aجاكمون ، ريشار | |
| 245 | 1 | 0 |
_aبين كتبة وكتاب : _bالحقل الادبى فى مصر المعاصرة / _cجاكمون ، ريشار |
| 250 | _aالاولى | ||
| 260 |
_aالقاهرة : _bدار المستقبل العربى ، _c2004 |
||
| 300 |
_a296ص ؛ _c24سم |
||
| 650 | 0 | 4 | _aالادب العربى - مصر |
| 650 | 0 | 4 | _aالادب العربى - مصر - تاريخ ونقد |
| 700 | 1 | _aبشير السباعى | |
| 942 |
_2ddc _cBK |
||
| 999 |
_c7566 _d7566 |
||